<?xml version="1.0" encoding="UTF-8"?>
<record
    xmlns:xsi="http://www.w3.org/2001/XMLSchema-instance"
    xsi:schemaLocation="http://www.loc.gov/MARC21/slim http://www.loc.gov/standards/marcxml/schema/MARC21slim.xsd"
    xmlns="http://www.loc.gov/MARC21/slim">

  <leader>03828njm a2200529Ia 4500</leader>
  <controlfield tag="001">F2588</controlfield>
  <controlfield tag="003">IT-RoPAU</controlfield>
  <controlfield tag="005">20220918181115.0</controlfield>
  <controlfield tag="008">131025s9999    xx            000 0 und d</controlfield>
  <datafield tag="040" ind1=" " ind2=" ">
    <subfield code="a">IT-RoPAU</subfield>
  </datafield>
  <datafield tag="040" ind1=" " ind2=" ">
    <subfield code="c">IT-RoPAU</subfield>
  </datafield>
  <datafield tag="041" ind1=" " ind2=" ">
    <subfield code="a">INGLESE</subfield>
  </datafield>
  <datafield tag="999" ind1=" " ind2=" ">
    <subfield code="c">99293</subfield>
    <subfield code="d">99293</subfield>
  </datafield>
  <datafield tag="999" ind1=" " ind2=" ">
    <subfield code="b">n.d.</subfield>
  </datafield>
  <datafield tag="100" ind1=" " ind2=" ">
    <subfield code="a">AA.VV.</subfield>
    <subfield code="9">794</subfield>
  </datafield>
  <datafield tag="100" ind1=" " ind2=" ">
    <subfield code="e">Autore musica</subfield>
    <subfield code="9">32634</subfield>
  </datafield>
  <datafield tag="100" ind1=" " ind2=" ">
    <subfield code="g">Codice autore musica SPICS: 12000</subfield>
    <subfield code="9">796</subfield>
  </datafield>
  <datafield tag="245" ind1=" " ind2="2">
    <subfield code="a">A Little Love</subfield>
  </datafield>
  <datafield tag="250" ind1=" " ind2=" ">
    <subfield code="a">1a ed.</subfield>
  </datafield>
  <datafield tag="260" ind1=" " ind2=" ">
    <subfield code="a">BOSTON</subfield>
  </datafield>
  <datafield tag="260" ind1=" " ind2=" ">
    <subfield code="b">DAUGHTERS OF ST. PAUL</subfield>
    <subfield code="c">1994 [1a Ed.:1994 - Ed. Lingua Orig.: 1994]</subfield>
  </datafield>
  <datafield tag="300" ind1=" " ind2=" ">
    <subfield code="a">COMPACT DISC</subfield>
  </datafield>
  <datafield tag="300" ind1=" " ind2=" ">
    <subfield code="c">68 minuti (Testo: 0 pag.)</subfield>
  </datafield>
  <datafield tag="500" ind1=" " ind2=" ">
    <subfield code="a">Musica religiosa. Testi delle canzoni.</subfield>
  </datafield>
  <datafield tag="505" ind1=" " ind2=" ">
    <subfield code="a">People of God [(The Beatitudes) (6:00)] - Prayer of St. Francis (4:00) - They'll Know We Are Christian By Our Love (5:00) - O Taste and See (8:00) - To Jesus Heart All Burning (5:00) - O Lord, I Am Not Worthy (5:00) - Spirit of God (6:00) - Put a Little Love In Your Heart (4:00) - How Deep the Riches (4:00) - O sacrum convivium (2:00) - How Can I Keep From Singing (4:00) - I Love You Lord (4:00) - Do Right (4:00) - People Need the Lord (5:00) - Count It All Joy (4:00) - O salutaris hostia-Tantum ergo (4:00) - On Holy Ground (7:00)</subfield>
  </datafield>
  <datafield tag="650" ind1=" " ind2=" ">
    <subfield code="a">RELIGIOSO [COMPACT DISC]</subfield>
    <subfield code="e">Codice MATERIA SPICS: 9949</subfield>
    <subfield code="9">14031</subfield>
  </datafield>
  <datafield tag="700" ind1=" " ind2=" ">
    <subfield code="a">Daughters Of St.Paul</subfield>
    <subfield code="g">Codice interprete SPICS:  7531</subfield>
    <subfield code="e">Interprete</subfield>
    <subfield code="9">32635</subfield>
  </datafield>
  <datafield tag="700" ind1=" " ind2=" ">
    <subfield code="a">O'Brien Francis Patrick</subfield>
    <subfield code="g">Codice autore musica SPICS: 51104</subfield>
    <subfield code="e">Autore musica</subfield>
    <subfield code="p">People of God (The Beatitudes) - How Deep the Riches</subfield>
    <subfield code="9">32636</subfield>
  </datafield>
  <datafield tag="700" ind1=" " ind2=" ">
    <subfield code="a">AA.VV.</subfield>
    <subfield code="g">Codice autore testo/musica SPICS: 12000</subfield>
    <subfield code="e">Autore testo/musica</subfield>
    <subfield code="p">People of God (The Beatitudes) - O Taste and See</subfield>
    <subfield code="9">32637</subfield>
  </datafield>
  <datafield tag="700" ind1=" " ind2=" ">
    <subfield code="a">Temple Sebastian</subfield>
    <subfield code="g">Codice autore musica SPICS: 51105</subfield>
    <subfield code="e">Autore musica</subfield>
    <subfield code="p">Prayer of St. Francis</subfield>
    <subfield code="9">32638</subfield>
  </datafield>
  <datafield tag="700" ind1=" " ind2=" ">
    <subfield code="a">San Francesco (Assisi)</subfield>
    <subfield code="g">Codice autore testo/musica SPICS: 51106</subfield>
    <subfield code="e">Autore testo/musica</subfield>
    <subfield code="p">Prayer of St. Francis</subfield>
    <subfield code="9">32639</subfield>
  </datafield>
  <datafield tag="700" ind1=" " ind2=" ">
    <subfield code="a">Scholtes Peter</subfield>
    <subfield code="g">Codice autore testo/musica SPICS: 51107</subfield>
    <subfield code="e">Autore testo/musica</subfield>
    <subfield code="p">They'll Know We Are Christian By Our Love</subfield>
    <subfield code="9">32640</subfield>
  </datafield>
  <datafield tag="700" ind1=" " ind2=" ">
    <subfield code="a">Haugen Marty</subfield>
    <subfield code="g">Codice autore musica SPICS: 51108</subfield>
    <subfield code="e">Autore musica</subfield>
    <subfield code="p">O Taste and See - Spirit of God</subfield>
    <subfield code="9">32641</subfield>
  </datafield>
  <datafield tag="700" ind1=" " ind2=" ">
    <subfield code="a">Christie A.J. Rev.</subfield>
    <subfield code="g">Codice autore testo/musica SPICS: 51110</subfield>
    <subfield code="e">Autore testo/musica</subfield>
    <subfield code="p">To Jesus Heart All Burning</subfield>
    <subfield code="9">32642</subfield>
  </datafield>
  <datafield tag="700" ind1=" " ind2=" ">
    <subfield code="a">Anonimo</subfield>
    <subfield code="g">Codice autore testo/musica SPICS: 2620</subfield>
    <subfield code="e">Autore testo/musica</subfield>
    <subfield code="p">To Jesus Heart All Burning - O Lord, I Am Not Worthy - How Can I Keep From Singing - Do Right</subfield>
    <subfield code="9">32643</subfield>
  </datafield>
  <datafield tag="700" ind1=" " ind2=" ">
    <subfield code="a">Holiday Jimmy</subfield>
    <subfield code="g">Codice autore musica SPICS: 51113</subfield>
    <subfield code="e">Autore musica</subfield>
    <subfield code="p">Put a Little Love In Your Heart</subfield>
    <subfield code="9">32644</subfield>
  </datafield>
  <datafield tag="700" ind1=" " ind2=" ">
    <subfield code="a">Myers Randy</subfield>
    <subfield code="g">Codice autore SPICS: 51114</subfield>
    <subfield code="e">Autore</subfield>
    <subfield code="p">Put a Little Love In Your Heart</subfield>
    <subfield code="9">32645</subfield>
  </datafield>
  <datafield tag="700" ind1=" " ind2=" ">
    <subfield code="a">De Shannon Jackie</subfield>
    <subfield code="g">Codice autore testo/musica SPICS: 42292</subfield>
    <subfield code="e">Autore testo/musica</subfield>
    <subfield code="p">Put a Little Love In Your Heart</subfield>
    <subfield code="9">32646</subfield>
  </datafield>
  <datafield tag="700" ind1=" " ind2=" ">
    <subfield code="a">San Tommaso D'Aquino </subfield>
    <subfield code="g">Codice autore musica SPICS: 51116</subfield>
    <subfield code="e">Autore musica</subfield>
    <subfield code="p">O sacrum convivium - O salutaris hostia-Tantum ergo</subfield>
    <subfield code="9">32647</subfield>
  </datafield>
  <datafield tag="700" ind1=" " ind2=" ">
    <subfield code="a">Hill David F.</subfield>
    <subfield code="g">Codice autore testo/musica SPICS: 51118</subfield>
    <subfield code="e">Autore testo/musica</subfield>
    <subfield code="p">I Love You Lord</subfield>
    <subfield code="9">32648</subfield>
  </datafield>
  <datafield tag="700" ind1=" " ind2=" ">
    <subfield code="a">Nelson Greg</subfield>
    <subfield code="g">Codice autore musica SPICS: 51120</subfield>
    <subfield code="e">Autore musica</subfield>
    <subfield code="p">People Need the Lord</subfield>
    <subfield code="9">32649</subfield>
  </datafield>
  <datafield tag="700" ind1=" " ind2=" ">
    <subfield code="a">McHugh Phil</subfield>
    <subfield code="g">Codice autore testo/musica SPICS: 51121</subfield>
    <subfield code="e">Autore testo/musica</subfield>
    <subfield code="p">People Need the Lord</subfield>
    <subfield code="9">32650</subfield>
  </datafield>
  <datafield tag="700" ind1=" " ind2=" ">
    <subfield code="a">Gee Gina</subfield>
    <subfield code="g">Codice autore testo/musica SPICS: 51122</subfield>
    <subfield code="e">Autore testo/musica</subfield>
    <subfield code="p">Count It All Joy</subfield>
    <subfield code="9">32651</subfield>
  </datafield>
  <datafield tag="700" ind1=" " ind2=" ">
    <subfield code="a">Webbe Samuel</subfield>
    <subfield code="g">Codice autore musica SPICS: 51123</subfield>
    <subfield code="e">Autore musica</subfield>
    <subfield code="p">O salutaris hostia-Tantum ergo</subfield>
    <subfield code="9">32652</subfield>
  </datafield>
  <datafield tag="700" ind1=" " ind2=" ">
    <subfield code="a">Wade J.F.</subfield>
    <subfield code="g">Codice autore SPICS: 51049</subfield>
    <subfield code="e">Autore</subfield>
    <subfield code="p">O salutaris hostia-Tantum ergo</subfield>
    <subfield code="9">32653</subfield>
  </datafield>
  <datafield tag="700" ind1=" " ind2=" ">
    <subfield code="a">Pena Donna</subfield>
    <subfield code="g">Codice autore testo/musica SPICS: 51073</subfield>
    <subfield code="e">Autore testo/musica</subfield>
    <subfield code="p">On Holy Ground</subfield>
    <subfield code="9">32654</subfield>
  </datafield>
  <datafield tag="942" ind1=" " ind2=" ">
    <subfield code="c">CD</subfield>
    <subfield code="2">ddc</subfield>
  </datafield>
  <datafield tag="952" ind1=" " ind2=" ">
    <subfield code="0">0</subfield>
    <subfield code="1">0</subfield>
    <subfield code="4">0</subfield>
    <subfield code="6">F_2588_000000000000000</subfield>
    <subfield code="7">1</subfield>
    <subfield code="a">SPICS</subfield>
    <subfield code="b">SPICS</subfield>
    <subfield code="d">2013-10-25</subfield>
    <subfield code="l">0</subfield>
    <subfield code="o">F2588</subfield>
    <subfield code="r">2013-10-25 00:00:00</subfield>
    <subfield code="w">2013-10-25</subfield>
    <subfield code="y">CD</subfield>
    <subfield code="z">Progr. Ins.: 22556 / N.Vol.: 1 / Copie: 1 - Copia rara: n.d. / date import: 01.01.2014 - By Epidotti, Trombetti, Vaglietti</subfield>
  </datafield>
</record>
